000 00594nam a2200193Ia 4500
005 20260114185752.0
008 008 260114s9999 xx 000 0 eng d
020 _a9780755603176
037 _aEBOOK
040 _aCRL
_beng
_cCRL
041 _aeng
_2eng
084 _qCRL
100 _aAhmed Ghazal
_9874182
245 0 _aEgyptian Cinema and the 2011 Revolution Film Production and Representing Dissent
260 _bBloomsbury
_c2020
856 _uhttps://doi.org/10.5040/9780755603176?locatt=label:secondary_bloomsburyCollections
942 _cEBOOK
999 _c1473116
_d1473116